Disney Villain by Death Quiz Stats

 Plays Quiz Updated Dec 6, 2017

Challenge
Share
Tweet
Embed
Score 0/16 Timer 10:00
2 Plays Today
Death Villain % Correct
Eaten by hyenasScar
97.3%
Destroyed when his lamp is knocked into lavaJafar
71.7%
Stabbed in the heart by the bow of a sunken shipUrsula
70.6%
After stabbing the hero, loses grip and falls off of the castleGaston
55.6%
Sucked into a jet intakeSyndrome
31.9%
Falls off of cliff after precipice is struck by lightningQueen Grimhilde
31.3%
Accidentally hangs self with vinesClayton
30.4%
Stabbed in the heart by a magic sword, before being crushed under a collapsing cliffMaleficent
26.8%
Death Villain % Correct
Fed to a nest of baby birdsHopper
26.4%
Falls out of tower, turning to dust as she hits the groundMother Gothel
25.9%
Falls into fire & molten metal after statue breaks awayJudge Claude Frollo
21.4%
Blown up in an explosion of fireworksShan Yu
20.2%
Falls off of Big Ben Clocktower when it strikes 10Professor Ratigan
19.9%
Reclaimed by voodoo spirits as payment for his debtsDr. Facilier
19.6%
Consumed by the power of the CauldronHorned King
12.6%
Falls off of roof, turning to magic dust as she hits the streetQueen Narissa
5.3%

You're not logged in!

Compare scores with friends on all Sporcle quizzes.
Join for Free
OR
Log In

You Might Also Like...

Show Comments

Extras

Top Quizzes Today


Score Distribution

Your Account Isn't Verified!

In order to create a playlist on Sporcle, you need to verify the email address you used during registration. Go to your Sporcle Settings to finish the process.

Report this User

Report this user for behavior that violates our Community Guidelines.

Details: